00490nam a22001577a 450000500170000000800410001702000150005804100120007308200140008510000390009924500690013825000200020726000470022730000330027465000250030720231107064434.0231107b |||||||| |||| 00| 0 eng d a0702126411 aEnglish a346.5 HON aHonore, T and Cameron, ElEnglish  aHonore's South African Law of Trusts / cT Honore and E Cameron  aFourth Edition  aCape Town : bJuta and Company Ltd, c1992 blxxix, 616 pages ; c26 cm.  aLegal practice bLaw